Catalog

Record Details

Catalog Search



Antická dramata : Julius Caesar, Antonius a Kleopatra, Koriolanus, Troilus a Kressida  Cover Image Book Book

Antická dramata : Julius Caesar, Antonius a Kleopatra, Koriolanus, Troilus a Kressida / William Shakespeare ; z angl. přel. E. A. Saudek, část přel. Aloys Skoumal ; text překladů E. A. Saudka a pozn. pro toto vyd. připravil Vojtěch Saudek ; doslov Zdeněk Stříbrný

Record details

  • Physical Description: 539 s. ; 21 cm
  • Edition: 1. vyd. v tomto souboru v Odeonu
  • Publisher: Praha : Odeon, 1983

Content descriptions

General Note:
15000 výt.
Obálka a vazba Aleš Krejča

Available copies

  • 1 of 1 copy available at Common Catalog SPOK.

Holds

  • 0 current holds with 1 total copy.
Show Only Available Copies
Location Call Number / Copy Notes Barcode Shelving Location Status Due Date
KDS Library 820 ShW 204576801602 Library Available -

LDR 01553nam a2200433 4500
00121225
003CZ-PrJAB
00520150714055823.0
007tu
008830426s1983 xr u0|0 cze
015 . ‡acnb000000872
020 . ‡q(Váz.) : ‡cKčs 39,00
035 . ‡a(CZ PrNK)ck8300853
035 . ‡a(OCoLC)63082634
040 . ‡aABA001 ‡bcze ‡dABA001
0411 . ‡acze ‡heng
080 . ‡a820-21 ‡2undef
1001 . ‡aShakespeare, William, ‡d1564-1616 ‡7jn19981002129 ‡4aut
24510. ‡aAntická dramata : ‡bJulius Caesar, Antonius a Kleopatra, Koriolanus, Troilus a Kressida / ‡cWilliam Shakespeare ; z angl. přel. E. A. Saudek, část přel. Aloys Skoumal ; text překladů E. A. Saudka a pozn. pro toto vyd. připravil Vojtěch Saudek ; doslov Zdeněk Stříbrný
24630. ‡aJulius Caesar
24630. ‡aAntonius Kleopatra
24630. ‡aKoriolanus
24630. ‡aTroilus a Kressida
250 . ‡a1. vyd. v tomto souboru v Odeonu
260 . ‡aPraha : ‡bOdeon, ‡c1983 ‡e(Čes. Těšín : ‡fTisk 3)
300 . ‡a539 s. ; ‡c21 cm
4901 . ‡aGalérie klasiků
500 . ‡a15000 výt.
500 . ‡aObálka a vazba Aleš Krejča
7001 . ‡aSaudek, Erik Adolf, ‡d1904-1963 ‡7jk01110423 ‡4trl
7001 . ‡aSaudek, Vojtěch ‡7jk01110431 ‡4aut
7001 . ‡aSkoumal, Aloys, ‡d1904-1988 ‡7jk01111589 ‡4trl
7001 . ‡aStříbrný, Zdeněk, ‡d1922-2014 ‡7jk01121546 ‡4aui
74002. ‡aKoriolanus
74002. ‡aTroilus a Kressida
74002. ‡aAntonius a Kleopatra
74002. ‡aJulius Caesar
830 0. ‡aGalérie klasiků
910 . ‡aABE463
998 . ‡a000000872
901 . ‡a21225 ‡b ‡c21225 ‡tbiblio

Additional Resources